| 000 | 01074cam a2200229 4500 | ||
|---|---|---|---|
| 001 | ABS67846 | ||
| 008 | 040604n2004 000 0 eng u | ||
| 035 | _a(Sirsi) u126424 | ||
| 100 | _aCheung, R. | ||
| 245 | _aHousing market - is it overheating? | ||
| 260 | _c2004 | ||
| 490 |
_aSurveyors' Times [Hong Kong Institute of Surveyors] _v13(4) April 2004, 21(1) |
||
| 520 | _aExamines whether the Hong Kong housing market is overheating. Analyses the characteristics of the current housing market such as price increases, activities in secondary residential sales, resale listing and trade in ratio. Concludes that recent transaction records show only about 30% of flat-buyers are not end-users, showing the housing market is still driven by owner-occupiers. Additionally, the secondary housing market only grew 2.4% in February 2004, showing only healthy growth. | ||
| 590 | _aABS | ||
| 590 | _aABS | ||
| 650 | _aHONG KONG | ||
| 650 | _aRESIDENTIAL SALES | ||
| 650 | _aOWNER-OCCUPIERS | ||
| 650 | _aSECONDARY MARKET | ||
| 690 | _aHOUSING-MARKET | ||
| 942 | _n0 | ||
| 999 |
_c117483 _d117483 |
||